|
|
|
|
| LEADER |
00000nab a2200000 a 4500 |
| 001 |
vtls010101225 |
| 003 |
SK-MaSNL |
| 005 |
20260426085336.0 |
| 008 |
250507c2010 xo qr|p|||||||000 b|slo |
| 015 |
|
|
|a SNBRB2010/05
|2 snkbucl
|
| 035 |
|
|
|a (uuid)4012dbbb-8523-4a38-a0ab-cac692691133
|
| 035 |
|
|
|a urn:nbn:sk:snk-ab2fkj
|
| 035 |
|
|
|a (urnnbn)urn:nbn:sk:snk:ar-a02cui
|
| 038 |
|
|
|a SNKBUCL
|
| 040 |
|
|
|a SNKBUCL
|b slo
|c SNKBUCL
|e AACR2
|
| 041 |
0 |
|
|a slo
|b eng
|b slo
|
| 044 |
|
|
|a xo
|c SK
|
| 080 |
|
|
|a 633.15:636.085.52:657.47
|x (437.6)
|2 2001
|
| 080 |
|
|
|a 636.085.52
|2 2001
|
| 080 |
|
|
|a 657.47
|x (/437.6)
|2 2001
|
| 100 |
1 |
|
|a Holúbek, Ivan,
|d 1968-
|4 aut
|9 188647
|
| 245 |
1 |
0 |
|a Nákladovosť výroby kukuričnej siláže
|c Ivan Holúbek
|
| 246 |
3 |
1 |
|a Cost of maize silage production
|
| 300 |
|
|
|b Tab.
|
| 504 |
|
|
|a Bibliogr. odkazy
|
| 546 |
|
|
|a Súbežný názov angl. ; res. angl., slov.
|
| 650 |
0 |
7 |
|a kukuričná siláž
|2 snkbucl
|9 133036
|
| 650 |
0 |
7 |
|a výroba
|2 snkbucl
|9 15916
|
| 650 |
0 |
7 |
|a náklady
|2 snkbucl
|9 2318
|
| 651 |
|
7 |
|a Slovensko
|2 snkbucl
|9 14231
|
| 773 |
0 |
|
|t Ekonomika poľnohospodárstva = Economics of Agriculture
|g Roč. X., č. 1 (2010), s. 50-55
|x 1335-6186
|
| 850 |
|
|
|a Slovenská národná knižnica
|
| 852 |
|
|
|a Slovenská národná knižnica
|
| 954 |
|
|
|a odborná, vedecká literatúra pôvodná (slovenská)
|2 lita
|
| 958 |
|
|
|a article27
|
| 958 |
|
|
|a NB
|
| 958 |
|
|
|a SK
|
| 958 |
|
|
|a OND
|
| 958 |
|
|
|a EUIPO
|
| 999 |
|
|
|c 2960790
|d 2962720
|